| 000 -LEADER |
| fixed length control field |
00601nam a22001937a 4500 |
| 008 - FIXED-LENGTH DATA ELEMENTS--GENERAL INFORMATION |
| fixed length control field |
131008b xxu||||| |||| 00| 0 ger d |
| 020 ## - INTERNATIONAL STANDARD BOOK NUMBER |
| International Standard Book Number |
3540061398 |
| 041 0# - LANGUAGE CODE |
| Language code of text/sound track or separate title |
ger |
| 080 ## - UNIVERSAL DECIMAL CLASSIFICATION NUMBER |
| Universal Decimal Classification number |
004.72 |
| 100 1# - Rafti |
| Rafti |
Hofer, Herbert |
| 245 10 - TITLE STATEMENT |
| Title |
Datenfernverarbeitung / |
| Statement of responsibility, etc |
Herbert Hofer |
| 260 ## - |
| -- |
New York : |
| -- |
Springer Verlag ; |
| -- |
1973 |
| 300 ## - |
| -- |
200 f. : |
| -- |
me il. ; |
| -- |
20 cm. |
| 490 ## - |
| -- |
Heidelberger Taschenbücher |
| 500 ## - |
| -- |
Vorwort V-VII |
| 650 0# - |
| -- |
Rrjetet kompjuterike |
| 650 0# - |
| -- |
Arkitektura e rrjeteve |
| 942 ## - ADDED ENTRY ELEMENTS (KOHA) |
| Source of classification or shelving scheme |
|
| Item type |
Books |